ბათუმის შოთა რუსთაველის სახელმწიფო უნივერსიტეტის ბიბლიოთეკა

The new Cultural Atlas of The Greek World / (ბიბ.ჩანაწერი № 60513)

000 -LEADER
fixed length control field 00613nam a22001697a 4500
005 - DATE AND TIME OF LATEST TRANSACTION
control field 20230810115740.0
008 - FIXED-LENGTH DATA ELEMENTS--GENERAL INFORMATION
fixed length control field 230810s2009 enk||||| |||| 00| 0 eng d
020 ## - INTERNATIONAL STANDARD BOOK NUMBER
International Standard Book Number 9781840442816
041 ## - LANGUAGE CODE
Language code of text/sound track or separate title eng
080 ## - UNIVERSAL DECIMAL CLASSIFICATION NUMBER
Universal Decimal Classification number 008(084.4) Th-44
245 ## - TITLE STATEMENT
Title The new Cultural Atlas of The Greek World /
Statement of responsibility, etc. Edited by Tim Cooke.
264 ## - PRODUCTION, PUBLICATION, DISTRIBUTION, MANUFACTURE, AND COPYRIGHT NOTICE
Place of production, publication, distribution, manufacture London :
Name of producer, publisher, distributor, manufacturer Brown Reference Group,
Date of production, publication, distribution, manufacture, or copyright notice 2009.
300 ## - PHYSICAL DESCRIPTION
Extent 192 p.
Other physical details ill.;
Dimensions 30 cm.
653 ## - INDEX TERM--UNCONTROLLED
keyword ბერძნული სამყაროს ახალი კულტურული ატლასი
700 ## - ADDED ENTRY--PERSONAL NAME
Personal name Cooke, Tim
Relator term რედაქტორი
9 (RLIN) 19650
942 ## - ADDED ENTRY ELEMENTS (KOHA)
Source of classification or shelving scheme
Koha item type წიგნი
ეგზემპლარები
Withdrawn status Lost status Source of classification or shelving scheme Damaged status Not for loan Permanent Location Current Location Shelving location Date acquired Cost, normal purchase price Full call number Barcode Date last seen Copy number Uniform Resource Identifier Price effective from Koha item type Public note
          ბათუმის შოთა რუსთაველის სახელმწიფო უნივერსიტეტის მთავარი ბიბლიოთეკა ბათუმის შოთა რუსთაველის სახელმწიფო უნივერსიტეტის მთავარი ბიბლიოთეკა წიგნსაცავი 2023-08-10 20.00 008(084.4) Th-44 65164 2023-08-10 65164 ბსუ-ს საპატიო დოქტორის გურამ ლორთქიფანიძის საჩუქარი 2023-08-10 წიგნი 20 ლ.